[Event "ICS rated blitz match"]
[Site "204.178.125.65"]
[Date "2000.10.01"]
[Round "?"]
[White "KCtan"]
[Black "Hossa"]
[Result "0-1"]
[WhiteElo "2207"]
[BlackElo "2519"]
[PlyCount "87"]
[EventDate "2000.??.??"]

1. d4 f5 2. g3 Nf6 3. Bg2 g6 4. c3 Bg7 5. Qb3 a5 6. a4 Ne4 7. Nf3 e6 8. Nbd2
O-O 9. O-O Ra6 10. Qc2 Nf6 11. e4 fxe4 12. Nxe4 Nxe4 13. Qxe4 Rb6 14. Qe2 Nc6
15. Bf4 d6 16. Rfe1 h6 17. h4 Rf7 18. Rad1 Qf8 19. Rd2 Ne7 20. Nh2 e5 21. dxe5
dxe5 22. Be3 Rd6 23. Red1 Rxd2 24. Qxd2 Be6 25. Bxb7 Bb3 26. Ra1 Nf5 27. Bg2 c5
28. Nf3 Bc4 29. Nh2 Nxe3 30. Qxe3 Qb8 31. Qd2 Be6 32. Nf1 Rd7 33. Qe2 Bf7 34.
Ne3 Qb3 35. Qb5 Rd2 36. Qxc5 Rxf2 37. Bd5 Bxd5 38. Qxd5+ Qxd5 39. Nxd5 Rxb2 40.
Ne7+ Kh7 41. Nc6 Rc2 42. Nxa5 e4 43. Nb7 Rxc3 44. Kg2 {KCtan resigns} 0-1

[Event "ICS rated blitz match"]
[Site "204.178.125.65"]
[Date "2000.10.01"]
[Round "?"]
[White "Hossa"]
[Black "KCtan"]
[Result "1-0"]
[WhiteElo "2524"]
[BlackElo "2202"]
[PlyCount "43"]
[EventDate "2000.??.??"]

1. e4 c5 2. Nc3 d6 3. f4 Nc6 4. Nf3 Bg4 5. Bc4 e6 6. d3 Nd4 7. O-O a6 8. f5 b5
9. fxe6 fxe6 10. Nxd4 Bxd1 11. Nxe6 Qe7 12. Nd5 Nf6 13. Nec7+ Kd7 14. Nxe7 Kxc7
15. Nd5+ Kd8 16. Bg5 bxc4 17. Rxf6 Bxc2 18. Rxf8+ Kd7 19. Nb6+ Kc6 20. Rxa8
Rxa8 21. Nxa8 cxd3 22. Rf1 {KCtan resigns} 1-0

[Event "ICS rated blitz match"]
[Site "204.178.125.65"]
[Date "2000.10.01"]
[Round "?"]
[White "Hossa"]
[Black "KCtan"]
[Result "1-0"]
[WhiteElo "2540"]
[BlackElo "2186"]
[PlyCount "113"]
[EventDate "2000.??.??"]

1. d4 Nf6 2. c4 c5 3. d5 b5 4. cxb5 a6 5. bxa6 Bxa6 6. Nc3 g6 7. e4 Bxf1 8.
Kxf1 d6 9. Nf3 Bg7 10. g3 O-O 11. Kg2 Nbd7 12. Re1 Qb6 13. Kg1 Ng4 14. h3 Nge5
15. Nxe5 Nxe5 16. Qe2 Rfb8 17. b3 Qa6 18. Bb2 Nd3 19. Red1 Nxb2 20. Qxb2 Qa3
21. Qc2 c4 22. Rab1 Qb4 23. Rdc1 Bxc3 24. Qxc3 cxb3 25. Qxb4 Rxb4 26. axb3 Rxe4
27. Rc7 Rb8 28. f3 Re5 29. b4 Kf8 30. b5 Rxd5 31. b6 Rc5 32. Ra7 Rcc8 33. b7
Rd8 34. Kf2 Ke8 35. Ke3 Kd7 36. Ra2 Ke6 37. Kd4 Rd7 38. Rab2 Rc7 39. g4 Kd7 40.
f4 e6 41. h4 f6 42. Rb4 e5+ 43. fxe5 fxe5+ 44. Kd5 Rc5+ 45. Ke4 Kc7 46. Rf1 Kc6
47. Rf7 h5 48. Rg7 hxg4 49. Rxg6 Rb5 50. Rxd6+ Kxd6 51. Rxb5 g3 52. Kf3 Kc6 53.
Rb1 Rxb7 54. Rxb7 Kxb7 55. Kxg3 Kc6 56. h5 Kd5 57. h6 {KCtan resigns} 1-0

[Event "ICS rated blitz match"]
[Site "204.178.125.65"]
[Date "2000.10.01"]
[Round "?"]
[White "KCtan"]
[Black "Hossa"]
[Result "0-1"]
[WhiteElo "2182"]
[BlackElo "2544"]
[PlyCount "42"]
[EventDate "2000.??.??"]

1. d4 d5 2. Bf4 Nf6 3. e3 e6 4. Nd2 c5 5. c3 Nc6 6. Bd3 cxd4 7. exd4 Bd6 8. Bg3
Bxg3 9. hxg3 e5 10. dxe5 Nxe5 11. Qe2 Qe7 12. O-O-O Nxd3+ 13. Qxd3 O-O 14. Ne2
Re8 15. Nd4 Qc7 16. Rh4 Bg4 17. Rdh1 h6 18. f3 Qxg3 19. Nf5 Re1+ 20. Kc2 Bxf5
21. Qxf5 Rxh1 {KCtan resigns} 0-1

[Event "ICS rated blitz match"]
[Site "204.178.125.65"]
[Date "2000.10.01"]
[Round "?"]
[White "KCtan"]
[Black "Hossa"]
[Result "0-1"]
[WhiteElo "2175"]
[BlackElo "2551"]
[PlyCount "94"]
[EventDate "2000.??.??"]

1. d4 Nf6 2. Nf3 c5 3. e3 e6 4. Bd3 d5 5. c3 Be7 6. Ne5 Nbd7 7. f4 c4 8. Bc2
O-O 9. O-O Ne4 10. Nxd7 Bxd7 11. Nd2 f5 12. Nf3 Bb5 13. Bd2 Bd6 14. Be1 Qe8 15.
Bh4 Qh5 16. Qe1 Rfc8 17. Bd1 Qe8 18. Kh1 Ba4 19. Be2 Bc2 20. Nd2 Qg6 21. Nxe4
Bxe4 22. Rg1 Rc7 23. Bf3 Bxf3 24. gxf3 Qh5 25. Rg3 Be7 26. Bxe7 Rxe7 27. Qf1 b5
28. a3 a5 29. Qg2 Rd8 30. Rg5 Qh4 31. Qg3 Qxg3 32. Rxg3 Kf7 33. Rgg1 g6 34. h4
Ke8 35. h5 gxh5 36. Rg5 h4 37. Kh2 Kf7 38. Kh3 b4 39. axb4 axb4 40. Kxh4 bxc3
41. bxc3 Rh8 42. Rag1 Kf6 43. Kh5 Ra7 44. Kh6 Ra3 45. Rg7 Rxc3 46. Rc7 Rc2 47.
Rg5 Rf2 {KCtan resigns} 0-1

[Event "ICS rated blitz match"]
[Site "204.178.125.65"]
[Date "2000.10.01"]
[Round "?"]
[White "KCtan"]
[Black "Hossa"]
[Result "0-1"]
[WhiteElo "2169"]
[BlackElo "2557"]
[PlyCount "78"]
[EventDate "2000.??.??"]

1. d4 f5 2. Nf3 e6 3. g3 Nf6 4. Bg2 Be7 5. O-O O-O 6. c4 Nc6 7. Nc3 Ne4 8. Qc2
Nb4 9. Qb1 d5 10. cxd5 exd5 11. a3 Nc6 12. Qd3 Be6 13. Bf4 Re8 14. Ne5 Nxe5 15.
Bxe5 c6 16. f3 Nd6 17. e4 dxe4 18. fxe4 Bc4 19. Qd1 Bxf1 20. Kxf1 Qb6 21. b4
fxe4 22. Nxe4 Nf7 23. Qb3 a5 24. Rb1 axb4 25. axb4 Qa6+ 26. Kg1 Qa2 27. Qxa2
Rxa2 28. Bf4 Rd8 29. Be3 Re2 30. Bf2 Ng5 31. Nc3 Rc2 32. Na4 Rf8 33. Be3 Nf3+
34. Kh1 Re2 35. Bg1 Nxg1 36. Kxg1 Bf6 37. d5 Bd4+ 38. Kh1 Rff2 39. Rg1 Rxg2 {
KCtan resigns} 0-1

[Event "ICS rated standard match"]
[Site "204.178.125.65"]
[Date "2000.10.01"]
[Round "?"]
[White "DanQuigley"]
[Black "Hossa"]
[Result "0-1"]
[WhiteElo "1927"]
[BlackElo "2397"]
[PlyCount "50"]
[EventDate "2000.??.??"]

1. g4 d5 2. Bg2 Bxg4 3. c4 e5 4. cxd5 Bd6 5. Qb3 b6 6. Nf3 Nd7 7. d4 Bxf3 8.
Bxf3 exd4 9. a4 Ngf6 10. a5 bxa5 11. Rxa5 O-O 12. Rg1 Rb8 13. Qd3 Bb4+ 14. Bd2
Ne5 15. Qf5 Nxf3+ 16. Qxf3 Bxa5 17. Bxa5 Rxb2 18. Nd2 Nxd5 19. Qg3 Qf6 20. Ne4
Qh6 21. f3 Rb1+ 22. Kf2 Qe3+ 23. Kg2 Rxg1+ 24. Kh3 Qh6+ 25. Qh4 Nf4# {
DanQuigley checkmated} 0-1

[Event "ICS rated standard match"]
[Site "204.178.125.65"]
[Date "2000.10.01"]
[Round "?"]
[White "Hossa"]
[Black "DanQuigley"]
[Result "1-0"]
[WhiteElo "2399"]
[BlackElo "1925"]
[PlyCount "49"]
[EventDate "2000.??.??"]

1. e4 e5 2. Nf3 d6 3. d4 f5 4. exf5 e4 5. Qe2 Nf6 6. Nbd2 Bxf5 7. Nh4 Qd7 8.
Nxf5 Qxf5 9. f3 d5 10. Qb5+ Nbd7 11. Qxb7 Rb8 12. Qxc7 Be7 13. Be2 O-O 14. fxe4
dxe4 15. Rf1 Qe6 16. c3 Bd6 17. Qxa7 Kh8 18. Qa5 Bxh2 19. Qg5 Qd6 20. Nc4 Bg3+
21. Kd1 Qc7 22. Ne3 Rfd8 23. Nf5 Nb6 24. Qxg3 Na4 25. Qxc7 {DanQuigley resigns}
1-0

[Event "ICS rated standard match"]
[Site "204.178.125.65"]
[Date "2000.10.01"]
[Round "?"]
[White "BrazilianMaster"]
[Black "Hossa"]
[Result "0-1"]
[WhiteElo "2598"]
[BlackElo "2401"]
[PlyCount "62"]
[EventDate "2000.??.??"]

1. e4 e5 2. Nf3 Nc6 3. Bb5 a6 4. Ba4 Nf6 5. d3 d6 6. c3 Bd7 7. O-O g6 8. Nbd2
Bg7 9. Re1 O-O 10. Nf1 Qe7 11. Bg5 b5 12. Bb3 h6 13. Bh4 b4 14. cxb4 Nxb4 15.
d4 Bb5 16. Ne3 Qe8 17. a4 Bd7 18. Nc4 Nc6 19. dxe5 dxe5 20. Qd2 g5 21. Bg3 Be6
22. Nfxe5 Nh5 23. Nxc6 Qxc6 24. Qe3 Nxg3 25. Qxg3 Bxc4 26. Rac1 Qd6 27. Qxd6
cxd6 28. Bxc4 Bxb2 29. Rb1 Be5 30. Rb7 Kg7 31. Ra1 Bxa1 {
BrazilianMaster resigns} 0-1

[Event "ICS rated standard match"]
[Site "204.178.125.65"]
[Date "2000.10.01"]
[Round "?"]
[White "Hossa"]
[Black "BrazilianMaster"]
[Result "0-1"]
[WhiteElo "2425"]
[BlackElo "2574"]
[PlyCount "130"]
[EventDate "2000.??.??"]

1. d4 Nf6 2. c4 e6 3. Nf3 d5 4. Bg5 Be7 5. Nc3 h6 6. Bh4 O-O 7. e3 b6 8. cxd5
Nxd5 9. Bxe7 Qxe7 10. Bd3 Nxc3 11. bxc3 Bb7 12. O-O Nd7 13. e4 e5 14. Qc2 c5
15. d5 Rac8 16. Bb5 Rfd8 17. Rab1 Nf8 18. Rfd1 Rd6 19. Nd2 Rg6 20. Qd3 Rd8 21.
Nf3 Ne6 22. Qf1 Nf4 23. Ne1 a6 24. Bc4 b5 25. Be2 f5 26. Bf3 Rgd6 27. c4 fxe4
28. Bxe4 bxc4 29. Qxc4 Bxd5 30. Bxd5+ Nxd5 31. Nd3 Kh8 32. Re1 Nc3 33. Nxe5
Nxb1 34. Nf7+ Kh7 35. Rxe7 Rd1+ 36. Qf1 Rxf1+ 37. Kxf1 Rd5 38. Re3 c4 39. Re6
c3 40. Rc6 Kg8 41. Rc7 Rd2 42. Nxh6+ gxh6 43. Rc8+ Kf7 44. g4 c2 45. Kg2 Na3
46. Rc7+ Ke6 47. Rc6+ Kd5 48. Rc3 Kd4 49. Rxc2 Rxc2 50. h4 Rxa2 51. g5 hxg5 52.
h5 Re2 53. Kg3 Re4 54. h6 Rh4 55. Kf3 Rxh6 56. Kg4 Rf6 57. f3 Nc4 58. Kxg5 Rxf3
59. Kh5 Ne5 60. Kg5 Rf7 61. Kh4 Ke4 62. Kg3 Rg7+ 63. Kf2 Kd3 64. Ke1 Rf7 65.
Kd1 Rf1# {Hossa checkmated} 0-1

[Event "ICS rated blitz match"]
[Site "204.178.125.65"]
[Date "2000.10.01"]
[Round "?"]
[White "Hossa"]
[Black "dqjr2"]
[Result "1-0"]
[WhiteElo "2560"]
[BlackElo "1918"]
[PlyCount "58"]
[EventDate "2000.??.??"]

1. d4 e6 2. c4 d5 3. Nc3 Nf6 4. Nf3 Bb4 5. Bg5 Nbd7 6. cxd5 exd5 7. Qa4 Bxc3+
8. bxc3 O-O 9. Qc2 h6 10. Bh4 Nb6 11. e3 Be6 12. Bd3 a6 13. Ne5 Rc8 14. O-O
Nbd7 15. e4 c5 16. Nxd7 Qxd7 17. Bxf6 gxf6 18. exd5 Bxd5 19. Bf5 Be6 20. Bh7+
Kg7 21. dxc5 Rxc5 22. Be4 b5 23. Rfd1 Bd5 24. Qd3 Rd8 25. Qg3+ Kf8 26. Qe3 Qc6
27. Qxh6+ Ke7 28. Bxd5 Rcxd5 29. Re1+ Re5 {dqjr2 resigns} 1-0

[Event "ICS Rated blitz match"]
[Site "204.178.125.65"]
[Date "2000.10.01"]
[Round "?"]
[White "Hossa"]
[Black "Amateur"]
[Result "1-0"]
[WhiteElo "2561"]
[BlackElo "2594"]
[PlyCount "81"]
[EventDate "2000.??.??"]

1. d4 Nf6 2. c4 e6 3. Nc3 Bb4 4. e3 b6 5. Bd3 Bb7 6. Nf3 O-O 7. O-O Bxc3 8.
bxc3 c5 9. a3 Nc6 10. e4 d6 11. Bg5 h6 12. Be3 Ng4 13. Bd2 Rc8 14. Qe2 Rc7 15.
h3 Nf6 16. Bf4 Re7 17. Bxd6 Qxd6 18. e5 Qd8 19. exf6 gxf6 20. Qe4 f5 21. Qf4
Kg7 22. d5 Nb8 23. Rfd1 Rd7 24. Qg3+ Kh7 25. Ne5 Rg8 26. Qh2 Qc7 27. Nxd7 Qxh2+
28. Kxh2 Nxd7 29. Ra2 Ne5 30. Bf1 Ba6 31. dxe6 fxe6 32. Re2 Nxc4 33. Rd7+ Rg7
34. Rxg7+ Kxg7 35. Rxe6 Kf8 36. Rxh6 Kg7 37. Rc6 Kg8 38. Rc7 Bb5 39. a4 a6 40.
axb5 axb5 41. Bxc4+ {Amateur resigns} 1-0

[Event "ICS rated blitz match"]
[Site "204.178.125.65"]
[Date "2000.10.01"]
[Round "?"]
[White "Amateur"]
[Black "Hossa"]
[Result "0-1"]
[WhiteElo "2576"]
[BlackElo "2579"]
[PlyCount "90"]
[EventDate "2000.??.??"]

1. d4 Nf6 2. c4 e6 3. Nf3 d5 4. g3 dxc4 5. Bg2 a6 6. Nbd2 b5 7. a4 Bb7 8. O-O
c5 9. axb5 axb5 10. Rxa8 Bxa8 11. dxc5 Bxc5 12. Qc2 Na6 13. b3 Nb4 14. Qc3 Nbd5
15. Qc2 c3 16. Nb1 b4 17. e4 Nc7 18. Rd1 Qc8 19. Ne5 Nb5 20. Nc4 Ng4 21. Ne3
Nxe3 22. Bxe3 Bxe3 23. fxe3 Qc5 24. Qd3 O-O 25. Rc1 Qg5 26. Re1 Rc8 27. Re2 Rd8
28. Qc2 Bb7 29. Re1 Rc8 30. Qc1 Ra8 31. Qc2 Nd6 32. Qd3 Rd8 33. Qc2 Ba6 34. Bh1
Nb7 35. Bg2 Nc5 36. Qa2 Nd3 37. Rf1 Qxe3+ 38. Kh1 Nc5 39. Qa5 Re8 40. Nxc3 Bxf1
41. Bxf1 bxc3 42. Qb5 Kf8 43. Bd3 Nxd3 44. h4 Qxg3 45. Qxd3 Qxd3 {
Amateur resigns} 0-1

[Event "ICS rated standard match"]
[Site "204.178.125.65"]
[Date "2000.10.01"]
[Round "?"]
[White "Guitige"]
[Black "Hossa"]
[Result "0-1"]
[WhiteElo "2293"]
[BlackElo "2415"]
[PlyCount "248"]
[EventDate "2000.??.??"]

1. d4 d5 2. c3 e6 3. e3 Nf6 4. f4 Be7 5. Bd3 c5 6. Nf3 Nc6 7. O-O c4 8. Bc2 Qc7
9. Nbd2 b5 10. a3 Bb7 11. Ne5 a5 12. g4 b4 13. g5 b3 14. Bb1 Nd7 15. h4 Rd8 16.
Qg4 Bd6 17. Ndf3 Ne7 18. Bd2 Qb8 19. Qh5 g6 20. Qg4 h5 21. Qh3 Rh7 22. Rf2 Nf5
23. Bxf5 exf5 24. Re1 Nb6 25. Bc1 Rg7 26. Qg2 Kf8 27. Rfe2 Re8 28. Kh2 Kg8 29.
Rg1 Qc7 30. Kh1 Ba6 31. Rge1 Bb5 32. Bd2 Na4 33. Bc1 Qe7 34. Kg1 Nb6 35. Qf2
Qc7 36. Rd1 Ba6 37. Qe1 Bb7 38. Qd2 Qe7 39. Rde1 Na4 40. Kg2 Qe6 41. Kh3 Nb6
42. Rd1 Ba6 43. Qe1 Bb5 44. Qf2 Na4 45. Qe1 Qe7 46. Kh2 Nb6 47. Rg2 Qc7 48. Kh1
Ba6 49. Qg1 Bb7 50. Qf2 Qc8 51. Re1 Qe6 52. Rh2 Qe7 53. Qd2 Qc7 54. Rg1 Qb8 55.
Qg2 Qd8 56. Qd2 Ba8 57. Re2 Qb8 58. Qe1 Qc7 59. Reg2 Bb7 60. Qd2 Nc8 61. Qe1
Qe7 62. Qd2 Kh8 63. Kh2 Nb6 64. Kh1 Rgg8 65. Kh2 Qc7 66. Kh1 Re7 67. Qd1 Rge8
68. Qd2 Qb8 69. Qd1 Kg8 70. Nh2 Rd8 71. Nf1 Rf8 72. Ng3 Rfe8 73. Qf3 Qa7 74.
Nxh5 gxh5 75. Qxh5 Bxe5 76. fxe5 Rd8 77. Qf3 Rf8 78. Qf4 Bc8 79. h5 Qc7 80. Rg3
Na4 81. Qf2 Qb8 82. Qh2 f4 83. exf4 Bf5 84. Re1 Be4+ 85. Kg1 Qd8 86. Qh3 Qb6
87. Qh2 Re6 88. Qf2 Bf5 89. Kh2 Qc6 90. Reg1 Nb6 91. Kg2 Be4+ 92. Kf1 Re7 93.
Ke1 Qc7 94. Bd2 Na4 95. Bc1 Nb6 96. Qh2 Qc8 97. Qh3 Qxh3 98. Rxh3 Bf5 99. Rhg3
Kh7 100. Kf2 Rg8 101. Ke3 Nc8 102. Rh1 Nd6 103. Rh2 Bd3 104. Rg1 Kg7 105. h6+
Kg6 106. Bd2 Ne4 107. Bc1 Kf5 108. Bd2 Nxd2 109. Rxd2 Re6 110. Rdg2 Be4 111.
Rg3 Re7 112. Rg4 Rh8 113. Kf2 Re6 114. R1g3 Rg8 115. Ke3 Rxh6 116. e6 Rxe6 117.
Rh4 Bd3+ 118. Kd2 Re2+ 119. Kc1 Rc2+ 120. Kd1 Re8 121. g6 Be2+ 122. Ke1 Bg4+
123. Kf1 Rc1+ 124. Kg2 Re2# {Guitige checkmated} 0-1

[Event "ICS rated standard match"]
[Site "204.178.125.65"]
[Date "2000.10.01"]
[Round "?"]
[White "Hossa"]
[Black "Guitige"]
[Result "1-0"]
[WhiteElo "2426"]
[BlackElo "2282"]
[PlyCount "75"]
[EventDate "2000.??.??"]

1. e4 g6 2. d4 c6 3. Nf3 d5 4. exd5 cxd5 5. Nc3 Nf6 6. Bb5+ Bd7 7. Bxd7+ Nbxd7
8. O-O Bg7 9. a4 a6 10. Re1 O-O 11. a5 Re8 12. Bg5 Rc8 13. Qc1 Qc7 14. Bf4 Qd8
15. Qe3 e6 16. h3 Qe7 17. Bh6 Qd8 18. Qf4 Qc7 19. Ne5 Nxe5 20. Bxg7 Kxg7 21.
dxe5 Nd7 22. Ra4 Qd8 23. h4 Qe7 24. Rb4 Rc7 25. Rd4 Nf8 26. Re3 Rec8 27. h5 Rc4
28. Rh3 Rxd4 29. Qxd4 Qg5 30. f4 Qe7 31. hxg6 hxg6 32. Qd2 Qc5+ 33. Kf1 Qc4+
34. Ke1 f5 35. exf6+ Kxf6 36. Qe3 Nd7 37. Rh7 Qc5 38. Qg3 {Guitige resigns} 1-0

[Event "ICS rated blitz match"]
[Site "204.178.125.65"]
[Date "2000.10.01"]
[Round "?"]
[White "Hossa"]
[Black "Guitige"]
[Result "1-0"]
[WhiteElo "2595"]
[BlackElo "2573"]
[PlyCount "77"]
[EventDate "2000.??.??"]

1. d4 g6 2. e4 Bg7 3. Nf3 c6 4. Bd3 d5 5. e5 e6 6. O-O b6 7. Bg5 Qc7 8. a4 Ne7
9. Re1 O-O 10. a5 b5 11. h4 a6 12. h5 Nf5 13. hxg6 fxg6 14. b4 Qf7 15. c3 Nd7
16. Ra2 Bb7 17. Bc1 Qe7 18. Kh1 Qf7 19. Ng5 Qe7 20. Qg4 Rae8 21. Qh3 h6 22. Nf3
Qf7 23. Nh2 Kh7 24. g4 Ne7 25. g5 Nf5 26. gxh6 Bh8 27. Bg5 Rg8 28. Nf3 Rgf8 29.
Bf4 Qe7 30. Ng5+ Kg8 31. h7+ Kg7 32. Qh2 Bc8 33. Rg1 Bb7 34. Nd2 Bc8 35. Bxf5
Rxf5 36. Qg3 Ref8 37. Be3 Qe8 38. Ndf3 Nb8 39. Nh4 {Guitige resigns} 1-0

[Event "ICS rated blitz match"]
[Site "204.178.125.65"]
[Date "2000.10.01"]
[Round "?"]
[White "Guitige"]
[Black "Hossa"]
[Result "1-0"]
[WhiteElo "2558"]
[BlackElo "2610"]
[PlyCount "153"]
[EventDate "2000.??.??"]

1. d4 d5 2. c3 e6 3. e3 Nf6 4. Bd3 c5 5. f4 Ne4 6. g3 c4 7. Bc2 f5 8. Nd2 Bd6
9. Ngf3 Nc6 10. O-O Bd7 11. Qe2 Qf6 12. Nxe4 fxe4 13. Ne5 Rd8 14. Bd2 Qf5 15.
Qg2 Rg8 16. g4 Qf6 17. g5 Qf5 18. Bd1 Rc8 19. Bg4 Qf8 20. h4 Qe7 21. Qh3 Nxe5
22. fxe5 Bc7 23. Rf2 Rf8 24. Raf1 Rxf2 25. Rxf2 Bb6 26. Bh5+ g6 27. Bg4 Rc6 28.
Rf6 Kd8 29. h5 gxh5 30. Qxh5 Be8 31. Qh6 Bg6 32. Bh5 Bxh5 33. Qxh5 Rc7 34. Be1
Kc8 35. Qh6 Rc6 36. Bh4 Kd7 37. Qh5 Kc8 38. g6 hxg6 39. Rxg6 Qe8 40. Qg4 Bd8
41. Bxd8 Ra6 42. a3 Qf7 43. Bf6 Rb6 44. Rg8+ Kc7 45. Rg7 Qxg7 46. Qxg7+ Kc6 47.
Qe7 Kb5 48. Qb4+ Kc6 49. Qa4+ Rb5 50. Kf2 a6 51. Ke2 Kc7 52. Qxb5 axb5 53. Be7
Kd7 54. Bb4 Kc7 55. Kf2 Kd7 56. Kg3 Ke8 57. Kf4 Kf7 58. Kg5 Kg7 59. Bd6 Kf7 60.
Kh6 b4 61. axb4 Ke8 62. Kg7 b6 63. b5 Kd8 64. Kf7 Kd7 65. Kf6 Kc8 66. Kxe6 Kd8
67. Bc7+ Kxc7 68. Kf7 Kd7 69. e6+ Kd6 70. e7 Kd7 71. e8=Q+ Kc7 72. Qc6+ Kb8 73.
Qd7 Ka8 74. Ke6 Kb8 75. Kd6 Ka8 76. Kc6 Kb8 77. Qb7# {Hossa checkmated} 1-0

[Event "ICS rated blitz match"]
[Site "204.178.125.65"]
[Date "2000.10.01"]
[Round "?"]
[White "Hossa"]
[Black "Amy"]
[Result "1/2-1/2"]
[WhiteElo "2592"]
[BlackElo "2748"]
[PlyCount "237"]
[EventDate "2000.??.??"]

1. e4 c5 2. Nf3 Nc6 3. d4 cxd4 4. Nxd4 e6 5. Nc3 Qc7 6. Be2 a6 7. f4 d6 8. Be3
Nf6 9. Nxc6 bxc6 10. O-O Be7 11. Qe1 O-O 12. Qg3 Bd7 13. Rad1 Rfd8 14. Bf2 Qb7
15. e5 dxe5 16. fxe5 Nd5 17. Bd4 Nxc3 18. Qxc3 c5 19. Bxc5 Rac8 20. b4 Bxc5+
21. bxc5 Qa7 22. Rd2 Kf8 23. Re1 Ke7 24. Qb4 Qxc5+ 25. Qxc5+ Rxc5 26. Bxa6 Ra8
27. Bd3 Rxa2 28. Kf2 Bb5 29. Bxb5 Rxb5 30. Kf3 h6 31. Rde2 Rc5 32. Rc1 Ra3+ 33.
Kf2 Raa5 34. Rce1 Kd7 35. g3 Kc6 36. Kg1 Ra2 37. Rc1 Rb5 38. Rf1 Ra7 39. Kg2
Kd5 40. Rd1+ Kc4 41. h3 Rd5 42. Rc1 Ra3 43. Rf1 Rd7 44. h4 Ra8 45. Rf4+ Kc5 46.
Ref2 Raa7 47. c3 g6 48. g4 g5 49. hxg5 hxg5 50. R4f3 Kc4 51. Kh2 Kd5 52. Re2
Kc5 53. Rb2 Rd5 54. Re3 Rd1 55. Kh3 Rg1 56. Rg2 Rh1+ 57. Kg3 Ra4 58. Rf2 Rg1+
59. Kh2 Rgxg4 60. Rxf7 Rae4 61. Rxe4 Rxe4 62. Kg3 Rxe5 63. Kg4 Kc4 64. Rf3 Kb3
65. Rg3 Ra5 66. Re3 Rc5 67. Rxe6 Kxc3 68. Rg6 Kd4 69. Rxg5 Rc1 70. Rh5 Ke4 71.
Rh4 Rg1+ 72. Kh3+ Kf3 73. Kh2 Rg2+ 74. Kh3 Rg8 75. Rd4 Rh8+ 76. Rh4 Rc8 77. Rd4
Ke3 78. Rg4 Rc1 79. Rh4 Kf3 80. Kh2 Rc2+ 81. Kh3 Rc7 82. Rd4 Rc1 83. Rd3+ Ke4
84. Rg3 Rc5 85. Rg2 Rc8 86. Rg1 Rd8 87. Rh1 Rg8 88. Rf1 Kd4 89. Rh1 Rg6 90. Rf1
Rg5 91. Rh1 Ke4 92. Rf1 Rg7 93. Rh1 Rh7+ 94. Kg2 Rc7 95. Rg1 Kd3 96. Rh1 Rg7+
97. Kh2 Rg8 98. Rf1 Rg5 99. Rh1 Rg6 100. Rf1 Rg8 101. Rh1 Rg4 102. Rf1 Rc4 103.
Rg1 Rc5 104. Rh1 Rh5+ 105. Kg2 Re5 106. Rg1 Rg5+ 107. Kh2 Rf5 108. Rh1 Rf3 109.
Rg1 Rf7 110. Rh1 Rf8 111. Rg1 Rf6 112. Rh1 Ke3 113. Rg1 Rf5 114. Rd1 Rf8 115.
Rg1 Rf6 116. Rd1 Rf3 117. Re1+ Kf4 118. Rg1 Re3 119. Rh1 {
Game drawn by the 50 move rule} 1/2-1/2

[Event "ICS rated blitz match"]
[Site "204.178.125.65"]
[Date "2000.10.01"]
[Round "?"]
[White "Hossa"]
[Black "petrus"]
[Result "1-0"]
[WhiteElo "2600"]
[BlackElo "1905"]
[PlyCount "51"]
[EventDate "2000.??.??"]

1. e4 e5 2. Nf3 Nc6 3. d4 exd4 4. Nxd4 d6 5. Nxc6 bxc6 6. Bd3 c5 7. Nc3 Bb7 8.
O-O Nf6 9. Bf4 Be7 10. e5 Nd7 11. Re1 O-O 12. Qh5 g6 13. Qh6 Re8 14. exd6 cxd6
15. Bc4 Bf8 16. Bxf7+ Kxf7 17. Qxh7+ Bg7 18. Rxe8 Qxe8 19. Nb5 Qh8 20. Nxd6+
Kf8 21. Qxg6 Bd5 22. Nf5 Nf6 23. Bd6+ Kg8 24. Ne7+ Kf8 25. Nxd5+ Kg8 26. Nxf6#
{petrus checkmated} 1-0

[Event "ICS Rated standard match"]
[Site "204.178.125.65"]
[Date "2000.10.01"]
[Round "?"]
[White "Guitige"]
[Black "Hossa"]
[Result "0-1"]
[WhiteElo "2272"]
[BlackElo "2436"]
[PlyCount "50"]
[EventDate "2000.??.??"]

1. d4 Nf6 2. e3 d5 3. Bd3 c5 4. c3 Nc6 5. f4 cxd4 6. exd4 Bg4 7. Nf3 Qd7 8. O-O
e6 9. Nbd2 Bd6 10. g3 O-O-O 11. Qe1 Bh3 12. Rf2 Ng4 13. Re2 h6 14. Ne5 Qc7 15.
Ndf3 Nf6 16. Nxc6 Qxc6 17. Ne5 Qc7 18. Be3 Kb8 19. Rc2 Qe7 20. Re2 h5 21. Rc2
h4 22. Bf1 Bxf1 23. Qxf1 hxg3 24. hxg3 Rh7 25. Rh2 Rxh2 {Guitige resigns} 0-1

[Event "ICS rated standard match"]
[Site "204.178.125.65"]
[Date "2000.10.01"]
[Round "?"]
[White "Amy"]
[Black "Hossa"]
[Result "1-0"]
[WhiteElo "2566"]
[BlackElo "2445"]
[PlyCount "95"]
[EventDate "2000.??.??"]

1. e4 d6 2. d4 f5 3. Bg5 fxe4 4. Nc3 d5 5. f3 h6 6. Bf4 Bf5 7. Qe2 a6 8. fxe4
dxe4 9. Qc4 c6 10. O-O-O Nf6 11. d5 b5 12. Qb3 Qc8 13. Be2 Nbd7 14. Kb1 e5 15.
Be3 Qc7 16. h3 Nc5 17. Bxc5 Bxc5 18. dxc6 Qxc6 19. Nxb5 Rc8 20. Bc4 Kf8 21. Na3
Bg6 22. Ne2 e3 23. Be6 Re8 24. Bd5 Qc7 25. Nc4 Bh5 26. g4 Bg6 27. Rhf1 Re7 28.
Qa4 Qc8 29. Qa5 Rc7 30. Qc3 Bd6 31. Qxe3 Bxc2+ 32. Kxc2 Ke7 33. Kb1 Rxc4 34.
Bxc4 Qxc4 35. Ng3 Ke6 36. Rxd6+ Kxd6 37. Nf5+ Kc6 38. Rc1 Qxc1+ 39. Qxc1+ Kd7
40. Qd1+ Kc8 41. Qd6 Ne8 42. Ne7+ Kb7 43. Qd7+ Kb6 44. b4 Nc7 45. Qc6+ Ka7 46.
Qxc7+ Ka8 47. Nc6 Re8 48. Qa7# {Hossa checkmated} 1-0

[Event "ICS rated standard match"]
[Site "204.178.125.65"]
[Date "2000.10.01"]
[Round "?"]
[White "Hossa"]
[Black "Amateur"]
[Result "1-0"]
[WhiteElo "2434"]
[BlackElo "2375"]
[PlyCount "73"]
[EventDate "2000.??.??"]

1. e4 e5 2. Nf3 Nc6 3. Bc4 Bc5 4. c3 Nf6 5. d4 exd4 6. cxd4 Bb4+ 7. Nc3 Nxe4 8.
O-O Bxc3 9. d5 Ne5 10. bxc3 Nxc4 11. Qd4 Ncd6 12. Qxg7 Qf6 13. Qxf6 Nxf6 14.
Re1+ Kf8 15. Bh6+ Kg8 16. Re5 Nfe4 17. Re1 f5 18. Re7 Rb8 19. Ne5 c6 20. Rxe4
fxe4 21. Ng4 Ne8 22. Rxe8+ Kf7 23. Rxh8 cxd5 24. Ne5+ Kf6 25. Nxd7+ Bxd7 26.
Rxb8 Bc6 27. Rg8 Bb5 28. Rg7 a6 29. Rxh7 Kg6 30. Rh8 Bc4 31. a3 a5 32. Be3 b5
33. h4 Kf7 34. g4 Be2 35. g5 Bg4 36. h5 Bxh5 37. Rxh5 {Amateur resigns} 1-0

[Event "ICS Rated blitz match"]
[Site "204.178.125.65"]
[Date "2000.10.01"]
[Round "?"]
[White "Hossa"]
[Black "brutus"]
[Result "1-0"]
[WhiteElo "2601"]
[BlackElo "2202"]
[PlyCount "83"]
[EventDate "2000.??.??"]

1. e4 e6 2. d4 d5 3. Nd2 Nf6 4. e5 Nfd7 5. Bd3 c5 6. c3 Nc6 7. Ne2 cxd4 8. cxd4
Nb6 9. O-O Bd7 10. Nf3 Be7 11. a3 a5 12. Nc3 a4 13. Rb1 Na5 14. Be3 Nbc4 15.
Nxa4 O-O 16. Nc3 Qb6 17. Qc2 h6 18. Bf4 Rfc8 19. Rfe1 Nb3 20. Rbd1 Nca5 21. Rf1
Rc7 22. Qb1 Rac8 23. Kh1 Be8 24. Bc2 Bd7 25. Bh7+ Kh8 26. Ne2 Bb5 27. Bd3 Bxd3
28. Rxd3 Rc2 29. Nc3 R2xc3 30. Rxc3 Rxc3 31. bxc3 Bxa3 32. Qa2 Be7 33. Qa4 Qc6
34. Qxc6 bxc6 35. Rb1 Kg8 36. Be3 Kf8 37. Nd2 Nxd2 38. Rb8+ Bd8 39. Rxd8+ Ke7
40. Rg8 Ne4 41. f3 Nxc3 42. Bd2 {brutus resigns} 1-0